[Event "ESP-ch U12 rapid"]
[Site "Salobrena"]
[Date "2023.07.16"]
[Round "7"]
[White "Gonzalez Chapado, Dario"]
[Black "Ordiz Fernandez, Roque"]
[Result "0-1"]
[WhiteElo "1526"]
[BlackElo "1834"]
[PlyCount "75"]
[EventDate "2023.07.15"]
[EventType "swiss (rapid)"]
[EventRounds "9"]
[EventCountry "ESP"]
[SourceTitle "EXT 2024"]
[Source "ChessBase"]
[SourceDate "2023.10.10"]
[SourceVersion "1"]
[SourceVersionDate "2023.10.10"]
[SourceQuality "1"]

1. d4 Nf6 2. Nc3 d5 3. Bf4 e6 4. Nb5 Na6 5. e3 Be7 6. Nf3 0-0 7. Be2 c6 8. Nc3 c5 9. Bxa6 bxa6 10. h3 Qb6 11. Rb1 a5 12. 0-0 Ba6 13. Re1 Rfd8 14. Na4 Qb5 15. Nxc5 Bxc5 16. dxc5 Qxc5 17. Qd4 Rac8 18. c3 Ne4 19. Rbc1 f6 20. Nd2 e5 21. Qxc5 Nxc5 22. Bh2 Nd3 23. Nf3 Nxc1 24. Rxc1 Rb8 25. Rc2 a4 26. Rd2 Bc4 27. a3 Rb3 28. Bg3 Rdb8 29. Kh2 Rxb2 30. Rd1 Rb1 31. Rd2 R8b2 32. Rxb2 Rxb2 33. Ne1 Rb3 34. f4 e4 35. Nc2 Rxc3 36. Nd4 Rxa3 37. Bf2 Rb3 38. Nxb3 0-1

[Event "ESP-ch U12 rapid"]
[Site "Salobrena"]
[Date "2023.07.16"]
[Round "6"]
[White "Ordiz Fernandez, Roque"]
[Black "Sukhodolskyi, Oleksii"]
[Result "1-0"]
[WhiteElo "1834"]
[BlackElo "1451"]
[PlyCount "117"]
[EventDate "2023.07.15"]
[EventType "swiss (rapid)"]
[EventRounds "9"]
[EventCountry "ESP"]
[SourceTitle "EXT 2024"]
[Source "ChessBase"]
[SourceDate "2023.10.10"]
[SourceVersion "1"]
[SourceVersionDate "2023.10.10"]
[SourceQuality "1"]

1. e4 e6 2. d4 d5 3. Nd2 c5 4. exd5 Qxd5 5. Ngf3 cxd4 6. Bc4 Qd6 7. 0-0 Nc6 8. Nb3 Nf6 9. Nbxd4 Nxd4 10. Nxd4 a6 11. Be2 Be7 12. c3 0-0 13. Qb3 b6 14. Bf3 Ra7 15. Nc6 Rb7 16. Rd1 Nd5 17. Nxe7+ Qxe7 18. c4 Nf6 19. Bxb7 Bxb7 20. Bf4 Ne4 21. Qxb6 Ba8 22. Qc7 Qf6 23. Bg3 h5 24. Qe5 Qg6 25. f3 Ng5 26. Rf1 h4 27. Bxh4 Nxf3+ 28. Rxf3 Bxf3 29. Qg3 Qxg3 30. Bxg3 Be2 31. c5 Rc8 32. Rc1 Bb5 33. b3 a5 34. a4 Bc6 35. Be1 Bd5 36. Rc3 Kf8 37. Bg3 Ke7 38. c6 Rxc6 39. Rxc6 Bxc6 40. Be1 Bd5 41. Bxa5 Bxb3 42. Bb4+ Kd7 43. a5 Bc4 44. Kf2 e5 45. h4 Ke6 46. h5 Kf6 47. Bf8 e4 48. Ke3 Bd5 49. g4 Kg5 50. Bxg7 f5 51. gxf5 Kxf5 52. h6 Kg6 53. Kd4 Ba8 54. Bf8 Kh7 55. Ke3 Kg6 56. Kf4 Kf7 57. Bc5 Kg6 58. Bf8 Kf7 59. h7 1-0

[Event "ESP-ch U12 rapid"]
[Site "Salobrena"]
[Date "2023.07.16"]
[Round "5"]
[White "Serna Puerto, Lorenzo"]
[Black "Ordiz Fernandez, Roque"]
[Result "1/2-1/2"]
[WhiteElo "1427"]
[BlackElo "1834"]
[PlyCount "94"]
[EventDate "2023.07.15"]
[EventType "swiss (rapid)"]
[EventRounds "9"]
[EventCountry "ESP"]
[SourceTitle "EXT 2024"]
[Source "ChessBase"]
[SourceDate "2023.10.10"]
[SourceVersion "1"]
[SourceVersionDate "2023.10.10"]
[SourceQuality "1"]

1. e4 c5 2. Nf3 e6 3. g3 Nc6 4. Bg2 Nf6 5. d3 d5 6. exd5 exd5 7. 0-0 Be7 8. Re1 0-0 9. Nc3 Bg4 10. Bf4 d4 11. Ne4 Nd5 12. Bd2 h6 13. h3 Bxf3 14. Qxf3 Ndb4 15. Bxb4 Nxb4 16. Rec1 Rc8 17. a3 Nc6 18. Re1 Qd7 19. Nd2 Bf6 20. Ne4 Be7 21. Nd2 b5 22. c3 dxc3 23. bxc3 Rfd8 24. Qe2 Qxd3 25. Qxd3 Rxd3 26. Bxc6 Rxc6 27. Rxe7 Rxd2 28. Rxa7 Rf6 29. Rf1 c4 30. Ra5 Rd3 31. Rxb5 Rxc3 32. Rc5 Ra6 33. Ra1 Ra4 34. Ra2 Rc1+ 35. Kg2 Rc3 36. Rc7 g6 37. h4 Kg7 38. Re2 Raxa3 39. Re4 Rf3 40. Rexc4 Rf6 41. R4c6 Rf5 42. Rc5 Rff3 43. R5c6 h5 44. Rc5 Rf6 45. R5c6 Raf3 46. Rxf6 Rxf6 47. Rc3 Re6 1/2-1/2

[Event "ESP-ch U12 rapid"]
[Site "Salobrena"]
[Date "2023.07.15"]
[Round "4"]
[White "Ordiz Fernandez, Roque"]
[Black "Gonzalez Jimenez, Marcos Valero"]
[Result "1-0"]
[WhiteElo "1834"]
[BlackElo "1325"]
[PlyCount "55"]
[EventDate "2023.07.15"]
[EventType "swiss (rapid)"]
[EventRounds "9"]
[EventCountry "ESP"]
[SourceTitle "EXT 2024"]
[Source "ChessBase"]
[SourceDate "2023.10.10"]
[SourceVersion "1"]
[SourceVersionDate "2023.10.10"]
[SourceQuality "1"]

1. e4 e5 2. Nc3 Nf6 3. f4 d5 4. fxe5 Nxe4 5. Qf3 Nxc3 6. bxc3 Be6 7. d4 c5 8. Rb1 b6 9. Bb5+ Nd7 10. Ne2 Rc8 11. 0-0 Be7 12. Nf4 0-0 13. Nxd5 cxd4 14. cxd4 Rxc2 15. Nxe7+ Qxe7 16. Ba3 Qd8 17. Bxf8 Qxf8 18. a4 f6 19. Qe4 Rc7 20. exf6 Ba2 21. Bxd7 Bxb1 22. Be6+ Kh8 23. fxg7+ Qxg7 24. Qxb1 Qxd4+ 25. Kh1 Qxa4 26. Qb2+ Rc3 27. Qxc3+ Qd4 28. Qxd4# 1-0

[Event "ESP-ch U12"]
[Site "Salobrena"]
[Date "2023.07.14"]
[Round "7"]
[White "Ordiz Fernandez, Roque"]
[Black "Torres Herrera, Guillem"]
[Result "1-0"]
[WhiteElo "1792"]
[BlackElo "1503"]
[PlyCount "143"]
[EventDate "2023.07.10"]
[EventType "swiss"]
[EventRounds "9"]
[EventCountry "ESP"]
[SourceTitle "EXT 2024"]
[Source "ChessBase"]
[SourceDate "2023.10.10"]
[SourceVersion "1"]
[SourceVersionDate "2023.10.10"]
[SourceQuality "1"]

1. e4 e6 2. d4 d5 3. Nd2 Nf6 4. e5 Nfd7 5. c3 c5 6. Bd3 Nc6 7. Ne2 cxd4 8. cxd4 f6 9. Nf4 Qe7 10. Qh5+ Qf7 11. Qxf7+ Kxf7 12. Nf3 Be7 13. exf6 Bxf6 14. Ne2 Re8 15. Bf4 Kg8 16. 0-0 e5 17. dxe5 Ndxe5 18. Nxe5 Nxe5 19. Bxe5 Bxe5 20. Rab1 b6 21. Bb5 Re7 22. Bc6 Bb7 23. Bxb7 Rxb7 24. Rfd1 Rd8 25. Nd4 Rdd7 26. Nc6 Bf6 27. Nb4 d4 28. Nd3 Rbc7 29. Rbc1 a5 30. Rxc7 Rxc7 31. Rc1 Rxc1+ 32. Nxc1 Kf7 33. Kf1 Ke6 34. Ke2 Kd5 35. Kd3 b5 36. Ne2 Bg5 37. Nxd4 Bf6 38. Nxb5 Bxb2 39. Nc3+ Kd6 40. Kc2 Ba1 41. Kb3 Kc6 42. Kc4 Bb2 43. Nd5 a4 44. Nb4+ Kd6 45. Kb5 a3 46. Kc4 Ke5 47. Kd3 Kf4 48. Nd5+ Ke5 49. Ne3 Kf4 50. Nc4 g5 51. Nxb2 axb2 52. Kc2 Ke4 53. a4 Kd4 54. Kxb2 Kc4 55. Ka3 Kc5 56. Kb3 h5 57. Kc3 g4 58. h3 Kd5 59. hxg4 hxg4 60. f3 g3 61. Kd3 Ke5 62. a5 Kd6 63. f4 Ke6 64. a6 Kf5 65. Ke3 Kg4 66. a7 Kh4 67. a8Q Kh5 68. Qg8 Kh6 69. f5 Kh5 70. f6 Kh4 71. Kf4 Kh5 72. Qg5# 1-0

[Event "ESP-ch U12"]
[Site "Salobrena"]
[Date "2023.07.12"]
[Round "5"]
[White "Ordiz Fernandez, Roque"]
[Black "Collado Perez, Marcos"]
[Result "1-0"]
[WhiteElo "1792"]
[BlackElo "1503"]
[PlyCount "50"]
[EventDate "2023.07.10"]
[EventType "swiss"]
[EventRounds "9"]
[EventCountry "ESP"]
[SourceTitle "EXT 2024"]
[Source "ChessBase"]
[SourceDate "2023.10.10"]
[SourceVersion "1"]
[SourceVersionDate "2023.10.10"]
[SourceQuality "1"]

1. e4 c5 2. Nc3 Nc6 3. g3 g6 4. Bg2 Bg7 5. Nge2 d6 6. 0-0 Nf6 7. f4 Bd7 8. d3 0-0 9. h3 a6 10. g4 b5 11. Ng3 Nd4 12. e5 dxe5 13. fxe5 Ne8 14. Bxa8 Qxa8 15. Bf4 Bc6 16. Nce4 f5 17. exf6 exf6 18. c3 f5 19. gxf5 gxf5 20. Nd2 Ne6 21. Qe2 Nxf4 22. Rxf4 Qb8 23. Raf1 Bh6 24. Qe6+ Kh8 25. Qxh6 Kg8 1-0

[Event "ESP-ch U12"]
[Site "Salobrena"]
[Date "2023.07.10"]
[Round "1"]
[White "Ordiz Fernandez, Roque"]
[Black "Rodriguez Serrano, Samuel"]
[Result "1-0"]
[WhiteElo "1792"]
[BlackElo "1261"]
[PlyCount "47"]
[EventDate "2023.07.10"]
[EventType "swiss"]
[EventRounds "9"]
[EventCountry "ESP"]
[SourceTitle "EXT 2024"]
[Source "ChessBase"]
[SourceDate "2023.10.10"]
[SourceVersion "1"]
[SourceVersionDate "2023.10.10"]
[SourceQuality "1"]

1. e4 e6 2. d4 d5 3. Nd2 dxe4 4. Nxe4 Nd7 5. Bd3 Ngf6 6. Qe2 Be7 7. Nf3 0-0 8. Neg5 h6 9. h4 b6 10. Ne5 Bb7 11. c3 Qe8 12. Qc2 Bxg2 13. Rg1 Bb7 14. Bd2 Bd6 15. Nxd7 Qxd7 16. Nh7 Nxh7 17. Bxh6 f5 18. Rxg7+ Qxg7 19. Bxg7 Kxg7 20. 0-0-0 Kf6 21. Qe2 Bf4+ 22. Kb1 Rg8 23. Re1 Rae8 24. Qh5 1-0

[Event "Oviedo op 8th"]
[Site "Oviedo"]
[Date "2022.07.23"]
[Round "9"]
[White "Ordiz Fernandez, Roque"]
[Black "Pascual Arevalo, Ruben"]
[Result "1-0"]
[WhiteElo "1531"]
[BlackElo "2092"]
[PlyCount "63"]
[EventDate "2022.07.17"]
[EventType "swiss"]
[EventRounds "9"]
[EventCountry "ESP"]
[SourceTitle "CBM 209 Extra"]
[Source "ChessBase"]
[SourceDate "2022.09.30"]
[SourceVersion "1"]
[SourceVersionDate "2022.09.30"]
[SourceQuality "1"]

1. e4 Nc6 2. d4 d5 3. exd5 Qxd5 4. Nf3 Bg4 5. Be2 0-0-0 6. c3 e6 7. h3 Bh5 8. Be3 Nf6 9. Nbd2 Be7 10. b4 Rhe8 11. Bc4 Qd7 12. Qa4 a6 13. b5 Na7 14. Ne5 Qd6 15. bxa6 Qa3 16. axb7+ Kb8 17. Qxa3 Bxa3 18. Rb1 Nd5 19. g4 Bg6 20. Nxg6 hxg6 21. Nf3 f6 22. Bxd5 exd5 23. g5 Re6 24. Kd2 Nc6 25. Rhg1 f5 26. Bf4 Re4 27. Ne5 Nxe5 28. Bxe5 Rh4 29. Rb5 Be7 30. Rgb1 Bxg5+ 31. Kc2 Rhh8 32. Ra5 1-0

[Event "Oviedo op 8th"]
[Site "Oviedo"]
[Date "2022.07.20"]
[Round "5"]
[White "Ordiz Fernandez, Roque"]
[Black "Santiago Pereira, Miguel Angel"]
[Result "1/2-1/2"]
[WhiteElo "1531"]
[BlackElo "1827"]
[PlyCount "80"]
[EventDate "2022.07.17"]
[EventType "swiss"]
[EventRounds "9"]
[EventCountry "ESP"]
[SourceTitle "CBM 209 Extra"]
[Source "ChessBase"]
[SourceDate "2022.09.30"]
[SourceVersion "1"]
[SourceVersionDate "2022.09.30"]
[SourceQuality "1"]

1. e4 c5 2. Nf3 d6 3. c3 Nf6 4. Be2 Bd7 5. Qc2 Qc7 6. 0-0 g6 7. d3 Bg7 8. Bf4 e5 9. Be3 0-0 10. Na3 Ng4 11. Bg5 a6 12. h3 Nf6 13. Ne1 h6 14. Be3 g5 15. Qd2 d5 16. Qc2 Qd6 17. exd5 Nxd5 18. Nc4 Qc7 19. Bf3 Be6 20. Qe2 Nxe3 21. Nxe3 Nc6 22. N1c2 Rad8 23. g4 Ne7 24. Rfd1 Rd7 25. Rac1 Bxa2 26. d4 Ng6 27. Na1 Nf4 28. Qf1 Bd5 29. Nxd5 Nxd5 30. dxc5 Qxc5 31. Nb3 Qc6 32. c4 Qb6 33. Nc5 Qxc5 34. Rxd5 Qc7 35. Qd3 Rfd8 36. Rd1 Rxd5 37. Bxd5 Rd7 38. Qe4 Qb6 39. Qf5 Qc7 40. Qe4 Qb6 1/2-1/2

[Event "Oviedo op 8th"]
[Site "Oviedo"]
[Date "2022.07.20"]
[Round "6"]
[White "Ruiz de Alegria Garcia, Carlos"]
[Black "Ordiz Fernandez, Roque"]
[Result "1/2-1/2"]
[WhiteElo "1870"]
[BlackElo "1531"]
[PlyCount "100"]
[EventDate "2022.07.17"]
[EventType "swiss"]
[EventRounds "9"]
[EventCountry "ESP"]
[SourceTitle "CBM 209 Extra"]
[Source "ChessBase"]
[SourceDate "2022.09.30"]
[SourceVersion "1"]
[SourceVersionDate "2022.09.30"]
[SourceQuality "1"]

1. Nf3 Nf6 2. d3 d5 3. g3 g6 4. Bg2 Bg7 5. 0-0 0-0 6. c3 Re8 7. Qc2 e5 8. e4 c6 9. Nbd2 b6 10. Rd1 Qc7 11. d4 dxe4 12. Nxe5 Bf5 13. Qb3 Re7 14. Re1 Nbd7 15. Nxe4 Nxe4 16. Bxe4 Nxe5 17. dxe5 Bxe4 18. Rxe4 Bxe5 19. Bg5 Bf6 20. Bf4 Be5 21. Rae1 Rae8 22. Qc4 Bxf4 23. Rxe7 Rxe7 24. Rxe7 Qxe7 25. Qxf4 Qd7 26. Qb8+ Kg7 27. Qe5+ Kg8 28. b4 Qd1+ 29. Kg2 Qd7 30. a4 Qb7 31. Kg1 Qd7 32. a5 bxa5 33. bxa5 Kf8 34. h4 Qd1+ 35. Kh2 Qd7 36. Kg2 Qd5+ 37. Qxd5 cxd5 38. Kf3 Ke7 39. Ke3 h5 40. f3 Kd6 41. Kd4 f6 42. g4 a6 43. gxh5 gxh5 44. c4 dxc4 45. Kxc4 Kc6 46. f4 Kd6 47. f5 Kc6 48. Kd4 Kd6 49. Kc4 Kc6 50. Kd4 Kd6 1/2-1/2

[Event "ESP-ch U12 Rapid"]
[Site "Salobrena"]
[Date "2022.07.17"]
[Round "8"]
[White "Ibanez Koblash, Daniel"]
[Black "Ordiz Fernandez, Roque"]
[Result "0-1"]
[WhiteElo "1326"]
[BlackElo "1518"]
[PlyCount "126"]
[EventDate "2022.07.09"]
[EventType "swiss (rapid)"]
[EventRounds "9"]
[EventCountry "ESP"]
[SourceTitle "EXT 2023"]
[Source "ChessBase"]
[SourceDate "2022.10.05"]
[SourceVersion "1"]
[SourceVersionDate "2022.10.05"]
[SourceQuality "1"]

1. d4 Nf6 2. Nf3 g6 3. c4 Bg7 4. g3 0-0 5. Bg2 d6 6. Nc3 Nbd7 7. 0-0 e5 8. e4 Nh5 9. dxe5 Nxe5 10. Nxe5 dxe5 11. Qxd8 Rxd8 12. Bg5 f6 13. Be3 Be6 14. b3 c6 15. Rfd1 b6 16. c5 b5 17. Rd6 Rxd6 18. cxd6 Bf8 19. Rd1 Rd8 20. Bc5 Rd7 21. Ne2 Ng7 22. f4 Ne8 23. f5 Bf7 24. fxg6 hxg6 25. Bh3 Rd8 26. Bxa7 Bxd6 27. Bb6 Bc5+ 28. Bxc5 Rxd1+ 29. Kf2 Nc7 30. Bc8 Rd8 31. Bg4 Ra8 32. Nc3 Be6 33. Be2 Na6 34. Be3 Nb4 35. a4 bxa4 36. bxa4 Nc2 37. Bb6 Nd4 38. a5 Nxe2 39. Kxe2 Bc4+ 40. Kd2 Kf7 41. Na4 f5 42. Nc5 f4 43. gxf4 exf4 44. Ke1 g5 45. Kf2 g4 46. Na4 Bb5 47. Nc5 Rh8 48. Kg1 Ra8 49. e5 Ke7 50. Bc7 f3 51. Bd6+ Ke8 52. Bc7 Ra7 53. Bb6 Rf7 54. Kf2 Rh7 55. Kg3 Rh3+ 56. Kxg4 f2 57. Kxh3 f1Q+ 58. Kg3 Qg1+ 59. Kh3 Bf1+ 60. Kh4 Qxh2+ 61. Kg4 Be2+ 62. Kf5 Qh5+ 63. Ke6 Qg6# 0-1

[Event "ESP-ch U12 Rapid"]
[Site "Salobrena"]
[Date "2022.07.17"]
[Round "7"]
[White "Ordiz Fernandez, Roque"]
[Black "Odriozola Coscolin, Dani"]
[Result "1/2-1/2"]
[WhiteElo "1518"]
[BlackElo "1246"]
[PlyCount "59"]
[EventDate "2022.07.09"]
[EventType "swiss (rapid)"]
[EventRounds "9"]
[EventCountry "ESP"]
[SourceTitle "EXT 2023"]
[Source "ChessBase"]
[SourceDate "2022.10.05"]
[SourceVersion "1"]
[SourceVersionDate "2022.10.05"]
[SourceQuality "1"]

1. e4 c5 2. Nf3 Nc6 3. c3 d5 4. exd5 Qxd5 5. d4 Bg4 6. Be2 cxd4 7. cxd4 Nf6 8. Nc3 Qa5 9. 0-0 e6 10. Bd2 Qd8 11. Be3 Be7 12. h3 Bh5 13. Qa4 0-0 14. Rfd1 Nb4 15. Bg5 Nbd5 16. Nxd5 Nxd5 17. Bxe7 Qxe7 18. Qb3 Rac8 19. Rac1 h6 20. Bc4 Nb6 21. Be2 Nd5 22. Bc4 Nb6 23. Be2 Nd5 24. Bc4 Nb6 25. Be2 Nd5 26. Bc4 Nb6 27. Be2 Nd5 28. Bc4 Nb6 29. Be2 Nd5 30. Bc4 1/2-1/2

[Event "ESP-ch U12"]
[Site "Salobrena"]
[Date "2022.07.15"]
[Round "8"]
[White "Gutierrez Toro, Raul"]
[Black "Ordiz Fernandez, Roque"]
[Result "1-0"]
[WhiteElo "1600"]
[BlackElo "1531"]
[PlyCount "67"]
[EventDate "2022.07.04"]
[EventType "swiss"]
[EventRounds "9"]
[EventCountry "ESP"]
[SourceTitle "EXT 2023"]
[Source "ChessBase"]
[SourceDate "2022.10.05"]
[SourceVersion "1"]
[SourceVersionDate "2022.10.05"]
[SourceQuality "1"]

1. e4 c5 2. Nc3 Nc6 3. g3 g6 4. Bg2 Bg7 5. d3 e5 6. f4 d6 7. Nf3 Nge7 8. 0-0 0-0 9. Be3 Qb6 10. Rb1 Nd4 11. Ne2 Bg4 12. c3 Nxf3+ 13. Bxf3 Bxf3 14. Rxf3 Qa6 15. a3 Nc6 16. f5 Rfe8 17. f6 Bf8 18. Qd2 h5 19. Bh6 Kh7 20. Bxf8 Rxf8 21. Qg5 Rh8 22. g4 hxg4 23. Qxg4 Kg8 24. Rh3 Rxh3 25. Qxh3 Nd8 26. Qh6 Ne6 27. c4 Qb6 28. Nc3 Re8 29. Nd5 Qd8 30. Rf1 a6 31. Rf3 Qa5 32. Ne7+ Rxe7 33. fxe7 Qe1+ 34. Rf1 1-0

[Event "ESP-ch U12"]
[Site "Salobrena"]
[Date "2022.07.15"]
[Round "7"]
[White "Ordiz Fernandez, Roque"]
[Black "Jove Albaiges, Guillem"]
[Result "1/2-1/2"]
[WhiteElo "1531"]
[BlackElo "1883"]
[PlyCount "122"]
[EventDate "2022.07.04"]
[EventType "swiss"]
[EventRounds "9"]
[EventCountry "ESP"]
[SourceTitle "EXT 2023"]
[Source "ChessBase"]
[SourceDate "2022.10.05"]
[SourceVersion "1"]
[SourceVersionDate "2022.10.05"]
[SourceQuality "1"]

1. e4 c5 2. c3 d5 3. exd5 Qxd5 4. d4 g6 5. Nf3 Bg7 6. Be3 cxd4 7. Bxd4 Nf6 8. Na3 0-0 9. Nb5 Na6 10. Be2 Be6 11. 0-0 Rfd8 12. Bxa7 Qe4 13. Nd2 Qh4 14. Bd4 Ng4 15. Nf3 Qh6 16. Bxg7 Kxg7 17. Nbd4 Bd5 18. h3 Nf6 19. Qd2 Qxd2 20. Nxd2 e5 21. N4f3 Nc5 22. Bc4 Bc6 23. Rfd1 Nfd7 24. Ng5 f6 25. Ne6+ Nxe6 26. Bxe6 Nc5 27. Bc4 b5 28. Be2 Nd3 29. Rab1 Nc5 30. Nb3 Rxd1+ 31. Bxd1 Nd3 32. Bc2 e4 33. Nd4 Be8 34. Bxd3 exd3 35. Ne6+ Kf7 36. Nc7 Rxa2 37. Nxe8 Kxe8 38. f3 d2 39. Kf1 Rxb2 40. Rd1 Rc2 41. Ke2 Rxc3 42. Kxd2 Rc6 43. Rb1 Rb6 44. Kc3 Ke7 45. Rb4 Ke6 46. h4 Kd5 47. Rd4+ Kc5 48. Rd7 h5 49. g4 Re6 50. gxh5 gxh5 51. Rh7 Re3+ 52. Kd2 Rxf3 53. Rxh5+ Kc4 54. Rh8 b4 55. h5 Rh3 56. h6 Kb3 57. h7 f5 58. Ke2 Rh4 59. Kf3 f4 60. Ke4 Kb2 61. Rb8 Rxh7 1/2-1/2

[Event "ESP-ch U12"]
[Site "Salobrena"]
[Date "2022.07.13"]
[Round "4"]
[White "Odriozola Coscolin, Dani"]
[Black "Ordiz Fernandez, Roque"]
[Result "1/2-1/2"]
[WhiteElo "1634"]
[BlackElo "1531"]
[PlyCount "85"]
[EventDate "2022.07.04"]
[EventType "swiss"]
[EventRounds "9"]
[EventCountry "ESP"]
[SourceTitle "EXT 2023"]
[Source "ChessBase"]
[SourceDate "2022.10.05"]
[SourceVersion "1"]
[SourceVersionDate "2022.10.05"]
[SourceQuality "1"]

1. e4 c5 2. Nc3 a6 3. f4 e6 4. Nf3 Nc6 5. g3 b5 6. Bg2 Bb7 7. 0-0 d6 8. h3 Nf6 9. d3 Be7 10. Ne2 d5 11. e5 Nd7 12. d4 Qb6 13. Be3 a5 14. Qd2 b4 15. Rfd1 c4 16. f5 Nd8 17. Rf1 c3 18. bxc3 bxc3 19. Qxc3 Bb4 20. Qb2 Bd2 21. Qa3 Qb4 22. Qd3 Bxe3+ 23. Qxe3 Ba6 24. Rfe1 Rc8 25. Rac1 Qa4 26. Qb3 Qc6 27. Qa3 Nb7 28. Bf1 Nb6 29. Nd2 a4 30. Nf4 Bxf1 31. Kxf1 Nc4 32. Nxc4 Qxc4+ 33. Qd3 0-0 34. Qxc4 Rxc4 35. Red1 g5 36. Nh5 Rfc8 37. fxe6 fxe6 38. Rd2 Rc3 39. Ke2 Ra3 40. Ra1 Rac3 41. Rc1 Ra3 42. Ra1 Rac3 43. Rf1 1/2-1/2

[Event "ESP-ch U12"]
[Site "Salobrena"]
[Date "2022.07.12"]
[Round "3"]
[White "Ordiz Fernandez, Roque"]
[Black "Molina Gil, Noah"]
[Result "1-0"]
[WhiteElo "1531"]
[BlackElo "1690"]
[PlyCount "88"]
[EventDate "2022.07.04"]
[EventType "swiss"]
[EventRounds "9"]
[EventCountry "ESP"]
[SourceTitle "EXT 2023"]
[Source "ChessBase"]
[SourceDate "2022.10.05"]
[SourceVersion "1"]
[SourceVersionDate "2022.10.05"]
[SourceQuality "1"]

1. e4 c5 2. Nf3 e6 3. c3 Nf6 4. e5 Nd5 5. d4 cxd4 6. cxd4 d6 7. Bb5+ Nc6 8. 0-0 a6 9. Bxc6+ bxc6 10. Bg5 Be7 11. Bxe7 Qxe7 12. Nbd2 0-0 13. Ne4 dxe5 14. Nxe5 Bd7 15. Rc1 Rfc8 16. Qa4 Nb6 17. Qa5 Nd5 18. Qc5 Qxc5 19. Rxc5 Be8 20. Nd6 Rc7 21. Nxe8 Rxe8 22. Nxc6 Rec8 23. Rfc1 Kf8 24. b4 Nf4 25. Na7 Ne2+ 26. Kf1 Nxc1 27. Nxc8 Rxc5 28. bxc5 Nxa2 29. Nb6 Ke7 30. Ke2 Nb4 31. Kd2 Kd8 32. Kc3 Nc6 33. Kc4 Na5+ 34. Kd3 Kc7 35. Nc4 Nc6 36. Nd6 Nd8 37. Ne8+ Kc6 38. Nxg7 Kb5 39. Kc3 a5 40. Ne8 Ka4 41. Nd6 Ka3 42. Nb5+ Ka4 43. Na7 e5 44. d5 Nb7 1-0

[Event "ESP-ch U12"]
[Site "Salobrena"]
[Date "2022.07.11"]
[Round "2"]
[White "Prochaieva, Tina"]
[Black "Ordiz Fernandez, Roque"]
[Result "1/2-1/2"]
[WhiteElo "1264"]
[BlackElo "1531"]
[PlyCount "54"]
[EventDate "2022.07.04"]
[EventType "swiss"]
[EventRounds "9"]
[EventCountry "ESP"]
[SourceTitle "EXT 2023"]
[Source "ChessBase"]
[SourceDate "2022.10.05"]
[SourceVersion "1"]
[SourceVersionDate "2022.10.05"]
[SourceQuality "1"]

1. d4 Nf6 2. Nf3 d5 3. c4 e6 4. Nc3 c6 5. e3 Nbd7 6. Bd3 Bd6 7. 0-0 0-0 8. e4 dxc4 9. Bxc4 b5 10. Bd3 e5 11. a3 Qc7 12. d5 a6 13. dxc6 Qxc6 14. Qe2 Nc5 15. Bc2 Be6 16. Bg5 Bc4 17. Qd2 Bxf1 18. Bxf6 gxf6 19. Nd5 Kh8 20. Qh6 Rg8 21. Qxf6+ Rg7 22. Nxe5 Bxg2 23. Nxf7+ Kg8 24. Nh6+ Kh8 25. Nf7+ Kg8 26. Nh6+ Kh8 27. Nf7+ Kg8 1/2-1/2

[Event "ESP-ch U10"]
[Site "Salobrena"]
[Date "2021.07.03"]
[Round "9"]
[White "Ordiz Fernandez, Roque"]
[Black "Lopez Martinez, Jaime"]
[Result "1/2-1/2"]
[WhiteElo "1170"]
[BlackElo "1285"]
[PlyCount "49"]
[EventDate "2021.06.28"]
[EventType "swiss"]
[EventRounds "9"]
[EventCountry "ESP"]
[SourceTitle "EXT 2022"]
[Source "ChessBase"]
[SourceDate "2021.10.06"]
[SourceVersion "1"]
[SourceVersionDate "2021.10.06"]
[SourceQuality "1"]

1. e4 e5 2. Nc3 Nc6 3. Bc4 Bc5 4. d3 d6 5. Na4 Bb6 6. Nxb6 axb6 7. Ne2 h6 8. 0-0 Nf6 9. h3 0-0 10. Ng3 Be6 11. c3 Bxc4 12. dxc4 Qd7 13. Nf5 Ne7 14. Nxe7+ Qxe7 15. Qd3 Qe6 16. b3 Nd7 17. Be3 f5 18. f3 f4 19. Bf2 Nf6 20. Bh4 Nd7 21. Bf2 Nf6 22. Bh4 Nd7 23. Bf2 Nf6 24. Bh4 Nd7 25. Bf2 1/2-1/2

[Event "ESP-ch U10"]
[Site "Salobrena"]
[Date "2021.06.30"]
[Round "5"]
[White "Ordiz Fernandez, Roque"]
[Black "Krauchi Romero, Martin"]
[Result "1-0"]
[WhiteElo "1170"]
[BlackElo "1328"]
[PlyCount "130"]
[EventDate "2021.06.28"]
[EventType "swiss"]
[EventRounds "9"]
[EventCountry "ESP"]
[SourceTitle "EXT 2022"]
[Source "ChessBase"]
[SourceDate "2021.10.06"]
[SourceVersion "1"]
[SourceVersionDate "2021.10.06"]
[SourceQuality "1"]

1. e4 c5 2. c3 d5 3. exd5 Qxd5 4. d4 Nf6 5. Nf3 Bg4 6. Be2 e6 7. 0-0 Nc6 8. Be3 cxd4 9. cxd4 Be7 10. Nc3 Qd6 11. Qd2 0-0 12. Rfd1 Rfd8 13. h3 Bh5 14. Rac1 Nd5 15. Nxd5 Qxd5 16. a3 Rac8 17. Qe1 Na5 18. Rc3 Rc6 19. Rdc1 Rxc3 20. Rxc3 Nc6 21. Rd3 Bg6 22. Rd2 b5 23. Qd1 Na5 24. Ne5 Be4 25. Bf3 Bxf3 26. Qxf3 Qxf3 27. Nxf3 Rc8 28. Ne5 f6 29. Nd7 Rc1+ 30. Kh2 Nc4 31. Re2 Nxe3 32. Rxe3 Kf7 33. Rb3 Bd6+ 34. g3 Ke7 35. Nc5 Bxc5 36. dxc5 Rxc5 37. a4 a6 38. axb5 axb5 39. Kg2 Kd6 40. Rd3+ Rd5 41. Ra3 Rc5 42. Ra6+ Rc6 43. Ra7 Rc7 44. Ra6+ Kd5 45. Rb6 Kc4 46. Rxe6 Kb3 47. Rb6 Rc5 48. Rb7 Kxb2 49. Rxg7 b4 50. Rxh7 b3 51. Rf7 f5 52. g4 fxg4 53. hxg4 Kc2 54. Rb7 b2 55. f4 b1Q 56. Rxb1 Kxb1 57. g5 Rf5 58. Kf3 Kc2 59. Ke4 Rf8 60. g6 Kc3 61. f5 Re8+ 62. Kd5 Kd3 63. f6 Ke3 64. f7 Rf8 65. Ke6 Ke4 1-0

[Event "ESP-ch U10"]
[Site "Salobrena"]
[Date "2021.06.28"]
[Round "2"]
[White "Ordiz Fernandez, Roque"]
[Black "Herman Gamazo, Isaac"]
[Result "0-1"]
[WhiteElo "1170"]
[BlackElo "1552"]
[PlyCount "78"]
[EventDate "2021.06.28"]
[EventType "swiss"]
[EventRounds "9"]
[EventCountry "ESP"]
[SourceTitle "EXT 2022"]
[Source "ChessBase"]
[SourceDate "2021.10.06"]
[SourceVersion "1"]
[SourceVersionDate "2021.10.06"]
[SourceQuality "1"]

1. e4 c5 2. c3 d6 3. d4 cxd4 4. cxd4 Nf6 5. Nc3 Nc6 6. Nf3 Bg4 7. Be2 Qb6 8. d5 Bxf3 9. Bxf3 Nd4 10. Be2 Nxe2 11. Qxe2 a6 12. Be3 Qa5 13. Bd2 g6 14. 0-0 Bg7 15. a4 0-0 16. Rac1 Qb6 17. Be3 Qb4 18. f3 Rfc8 19. Rfd1 Nd7 20. Qc2 Nc5 21. Bxc5 Rxc5 22. Rd3 Rac8 23. Rb1 b5 24. axb5 axb5 25. Qd1 Qc4 26. Ne2 b4 27. b3 Qb5 28. Nd4 Qb6 29. Kf1 Rc3 30. Nc6 Qb5 31. Ke2 Ra8 32. Ke3 Qc5+ 33. Kf4 Bh6+ 34. Kg3 Ra2 35. Nd4 Be3 36. h3 Rxd3 37. Qxd3 Bxd4 38. Rd1 Be5+ 39. f4 Qf2+ 0-1